01136nab a22002417a 4500999001500000003000400015005001700019008004100036040001100077100003300088245008900121260007300210300001300283500003800296505020600334505008900540650002900629650002700658650002300685650003100708773014200739942001300881 c5358d5358OSt20250225205129.0190603e xxum|||| |||| 00| 0 spa d cPJ-TDF 96124aDel Hoyo, Nicolás E.10aMedicamentos de alto costo y su cobertura. Panorama actual /cNicolás E. del Hoyo. cCiudad Autónoma de Buenos Aires :aThomson Reuters La Ley, b2024. ap. 14-19 aCita: TR LALEY AR/DOC/2916/2024.  a Sumario: I. Introducción.— II. Definiendo un problema.— III. El rol de las agencias de evaluación de tecnologías sanitarias y otros tipos de regulación por el Estado.— IV. Conclusión.  t¿Te interesa el texto completo? Solicitalo al correo: koha@justierradelfuego.gov.ar 091253aDERECHO A LA SALUD 094613aCOBERTURA MEDICA 095612aMEDICAMENTOS 096128aPOLÍTICA SANITARIA0 0271393170dCiudad Autónoma de Buenos Aires : Thomson Reuters La Ley, 2015-tRevista Código Civil y Comercial. Nº 6 - Diciembre 2024 2udccANA